বিষয়বস্তু এড়িয়ে যান

Белкинские чтения: материалы Всероссийской научно-методической конференции (г. Кострома, 25–26 апреля 2023 г.)

В издание вошли материалы Всероссийской научно-методической конференции, прошедшей в г. Костроме 25–26 апреля 2023 г. В представленных в сборнике работах, выполненных преподавателями высших учебных заведений, учителями-предметниками общеобразовательных учреждений, магистрантами, бакалаврами, рассмот...

সম্পূর্ণ বিবরণ

সংরক্ষণ করুন:
গ্রন্থ-পঞ্জীর বিবরন
বিন্যাস: Книга
ভাষা:Russian
প্রকাশিত: Кострома КГУ 2023
অনলাইন ব্যবহার করুন:https://e.lanbook.com/book/366296
https://e.lanbook.com/img/cover/book/366296.jpg
ট্যাগগুলো: ট্যাগ যুক্ত করুন
কোনো ট্যাগ নেই, প্রথমজন হিসাবে ট্যাগ করুন!
LEADER 01926nam0a2200265 i 4500
001 366296
003 RuSpLAN
005 20240216150949.0
008 240216s2023 ru gs 000 0 rus
020 |a 978-5-8285-1255-3 
040 |a RuSpLAN 
041 0 |a rus 
044 |a ru 
080 |a 378 
084 |a 32.81р30я431+20р30я431  |2 rubbk 
245 0 0 |a Белкинские чтения: материалы Всероссийской научно-методической конференции (г. Кострома, 25–26 апреля 2023 г.) 
260 |a Кострома  |b КГУ  |c 2023 
300 |a 224 с. 
504 |a Библиогр.: доступна в карточке книги, на сайте ЭБС Лань 
520 8 |a В издание вошли материалы Всероссийской научно-методической конференции, прошедшей в г. Костроме 25–26 апреля 2023 г. В представленных в сборнике работах, выполненных преподавателями высших учебных заведений, учителями-предметниками общеобразовательных учреждений, магистрантами, бакалаврами, рассмотрены вопросы преподавания физики, химии, математики и информационных дисциплин. Для научных работников, преподавателей вузов, учителей общеобразовательных школ, студентов и аспирантов. 
521 8 |a Книга из коллекции КГУ - Психология. Педагогика 
521 8 |a СЭБ 
856 4 |u https://e.lanbook.com/book/366296 
856 4 8 |u https://e.lanbook.com/img/cover/book/366296.jpg 
953 |a https://e.lanbook.com/img/cover/book/366296.jpg